Great Indian Scientists (Record no. 209777)

MARC details
000 -LEADER
fixed length control field 00576nam a22001937a 4500
005 - DATE AND TIME OF LATEST TRANSACTION
control field 20250227122533.0
010 ## - LCCN (DPL NO)
LC control number ENG-143938
020 ## - INTERNATIONAL STANDARD BOOK NUMBER
Terms of availability 250.00
035 ## - SYSTEM CONTROL NUMBER
System control number EN-127470
037 ## - SOURCE OF ACQUISITION
Source of stock number/acquisition DBAD
082 ## - DEWEY DECIMAL CLASSIFICATION NUMBER
Classification number 509.2
100 ## - MAIN ENTRY--PERSONAL NAME
Personal name Lyer Krishna Kolar
Dates associated with a name 2023
Fuller form of name Kolar Krishna Lyer
245 ## - TITLE STATEMENT
Title Great Indian Scientists
Medium english
Statement of responsibility, etc Lyer Krishna Kolar
260 ## - PUBLICATION, DISTRIBUTION, ETC. (IMPRINT)
Place of publication, distribution, etc Vijaywada
Name of publisher, distributor, etc Navaratna Book House
Date of publication, distribution, etc 2023
270 ## - ADDRESS
Address Sri Chaitanya Offset Printers
City Vijaywada
Postal code 520002
300 ## - PHYSICAL DESCRIPTION
Extent 176p.
Dimensions 21 cm(pbk)
700 ## - ADDED ENTRY--PERSONAL NAME
9 (RLIN) 76691
942 ## - ADDED ENTRY ELEMENTS (KOHA)
Source of classification or shelving scheme Dewey Decimal Classification
Item type English Books
Classification part 509.2
Call number suffix LYE

No items available.


© Delhi Public Library
Hit Counter
free hit counter